000 00546nam a22001817a 4500
005 20241002073334.0
008 241002b |||||||| |||| 00| 0 eng d
020 _a9789994558261
041 _aEnglish
082 _a347 NAM
100 _lEnglish
245 _aProsecuting civil appeals to the Supreme Court of Namibia /
_cS Namandje
250 _aFirst Edition
260 _aPretoria:
_bWize Books Publishers,
_c2023
300 _b64 pages;
_c26 cm.
650 _aLegal practice
_bLaw
942 _cBK
_6ALISON_BN_VRIES
999 _c3191
_d3191